Statistics for Movies By 1 Actor and 1 Actress Part 16

Click here to take the quiz!

General Stats

  • This quiz has been taken 10 times
  • The average score is 12 of 26

Answer Stats

CastMovie% Correct
Bruce Willis, Liv TylerArmageddon
89%
Jack Nicholson, Helen HuntAs Good As It Gets
89%
Woody Harrelson, Juliette LewisNatural Born Killers
89%
Peter Weller, Nancy AllenRoboCop
78%
Daniel Craig, Rooney MaraThe Girl with the Dragon Tattoo
78%
Jack Black, Naomi WattsKing Kong
67%
Casper Van Dien, Denise RichardsStarship Troopers
67%
Ben Affleck, Kate BeckinsalePearl Harbor
56%
Michael Bassbender, Marion CotillardAssassin's Creed
44%
Bryan Cranston, Elizabeth OlsenGodzilla
44%
Saoirse Ronan, Timothee ChalametLady Bird
44%
Milla Jovovich, Tony JaaMonster Hunter
44%
Warren Beatty, Diane KeatonReds
44%
Mel Gibson, Dale DickeyBlood Father
33%
Steve Carell, Kristen StewartCafe Society
33%
Will Ferrell, Linda CardelliniDaddy's Home
33%
Ice Cube, Pam GrierGhosts of Mars
33%
Charlize Theron, David OyelowoGringo
33%
Karen Gillan, Paul GiamattiGunpowder Milkshake
33%
Joaquin Phoenix, Reese WitherspoonInherent Vice
33%
Amy Adams, Stanley TucciJulie & Julia
33%
Rowan Atkinson, Maggie SmithKeeping Mum
33%
James Franco, Lizzy CaplanThe Interview
33%
Matt Damon, Scarlett JohanssonWe Bought a Zoo
33%
Chiwetel Ejiofor, Margot RobbieZ for Zachariah
33%
Keanu Reeves, Linda FiorentinoPoint Break
11%

Score Distribution

Percentile by Number Answered

Percent of People with Each Score

Your Score History

You have not taken this quiz